<?xml version="1.0" encoding="UTF-8"?>
<marc:record xmlns:marc="http://www.loc.gov/MARC21/slim">
   <marc:leader>00000nam a2200000 a 4500</marc:leader>
   <marc:datafield ind1="1" ind2=" " tag="100">
      <marc:subfield code="a">Lorentz, Iny</marc:subfield>
      <marc:subfield code="4">aut</marc:subfield>
      <marc:subfield code="e">Verfasser/-in</marc:subfield>
   </marc:datafield>
   <marc:datafield ind1=" " ind2=" " tag="653">
      <marc:subfield code="a">Liebe</marc:subfield>
   </marc:datafield>
   <marc:datafield ind1=" " ind2=" " tag="653">
      <marc:subfield code="a">Historisches</marc:subfield>
   </marc:datafield>
   <marc:datafield ind1=" " ind2=" " tag="653">
      <marc:subfield code="a">Spannung</marc:subfield>
   </marc:datafield>
   <marc:datafield ind1=" " ind2=" " tag="653">
      <marc:subfield code="a">Schicksal</marc:subfield>
   </marc:datafield>
   <marc:datafield ind1="0" ind2="0" tag="245">
      <marc:subfield code="a">Lied der Rache</marc:subfield>
   </marc:datafield>
   <marc:datafield ind1=" " ind2="1" tag="264">
      <marc:subfield code="b">Knaur</marc:subfield>
   </marc:datafield>
   <marc:datafield ind1="1" ind2=" " tag="490">
      <marc:subfield code="a">Cristina</marc:subfield>
   </marc:datafield>
   <marc:datafield ind1="1" ind2=" " tag="520">
      <marc:subfield code="a">as dramatische Finale der großen historischen Roman-Reihe um das Gaukler-Mädchen Cristina

In »Lied der Rache« lässt Bestseller-Autorin Iny Lorentz ihre mutige Heldin Cristina noch einmal mit aller Kraft für Gerechtigkeit und für ihr Glück kämpfen.

Nach dem Tod ihres geliebten Ehemannes hat sich Cristina in Tresskau ein neues Leben aufgebaut. Die Zeiten sind jedoch unsicher und voller Gefahren, denn nach wie vor verwüsten die Napoleonischen Kriege Europa. Als wäre das nicht genug, nimmt der Erbstreit mit dem Vetter von Cristinas verstorbenem Mann immer bedrohlichere Formen an. Mehr als einmal muss die tapfere Cristina über sich hinauswachsen, um sich und ihre Lieben vor bitterem Unrecht und vor weitaus Schlimmerem zu bewahren.[Thalia]</marc:subfield>
   </marc:datafield>
   <marc:datafield ind1=" " ind2=" " tag="020">
      <marc:subfield code="a">9783426528112</marc:subfield>
      <marc:subfield code="9">9783426528112</marc:subfield>
   </marc:datafield>
</marc:record>
